[Event "British Columbia-ch U20"]
[Site "Vancouver CAN"]
[Date "2013.11.09"]
[Round "2.6"]
[White "Nyamdorj, Davaa-Ochir"]
[Black "Pulfer, Luke"]
[Result "1-0"]
[WhiteElo "2055"]
[BlackElo "1654"]
[PlyCount "85"]
[GameId "2160767909216605"]
[EventDate "2013.11.08"]
[EventType "swiss"]
[EventRounds "5"]
[EventCountry "CAN"]

1. e4 e5 2. Nf3 Nc6 3. Bb5 a6 4. Ba4 Nf6 5. O-O b5 6. Bb3 Be7 7. Re1 d6 8. c3 Na5 9. Bc2 c5 10. d4 Qc7 11. h3 O-O 12. Nbd2 cxd4 13. cxd4 Bd7 14. Nf1 Rac8 15. Ne3 Nc4 16. Nxc4 bxc4 17. Bd2 Rfd8 18. Bc3 Bc6 19. Qe2 exd4 20. Nxd4 d5 21. e5 Nd7 22. e6 Ne5 23. Qxe5 Qxe5 24. Rxe5 Bf6 25. exf7+ Kxf7 26. Re2 h6 27. Bf5 Bd7 28. Bxd7 Rxd7 29. Rae1 Rcc7 30. Re6 Ra7 31. Nc6 Rac7 32. Bxf6 gxf6 33. Nd4 a5 34. Nb5 Rc5 35. Nd6+ Kg6 36. Ne8 Rf7 37. Rd6 Rf8 38. Ree6 Kg5 39. Nxf6 Kf5 40. Nd7 Rfc8 41. g4+ Kf4 42. Re5 R5c6 43. Rdxd5 1-0

[Event "British Columbia-ch U20"]
[Site "Vancouver CAN"]
[Date "2013.11.09"]
[Round "2.7"]
[White "Nyamdorj, Uranchimeg"]
[Black "Doknjas, Joshua"]
[Result "0-1"]
[WhiteElo "1744"]
[BlackElo "2030"]
[PlyCount "118"]
[GameId "2160767909216606"]
[EventDate "2013.11.08"]
[EventType "swiss"]
[EventRounds "5"]
[EventCountry "CAN"]

1. e4 c5 2. Nf3 d6 3. Bb5+ Bd7 4. Bxd7+ Qxd7 5. c4 Nf6 6. Nc3 Nc6 7. d4 cxd4 8. Nxd4 Qg4 9. Qxg4 Nxg4 10. Nxc6 bxc6 11. f3 Ne5 12. b3 g6 13. Ke2 Bg7 14. Bd2 c5 15. Rad1 Nc6 16. Nb5 Nd4+ 17. Nxd4 cxd4 18. Rc1 Kd7 19. c5 Rac8 20. cxd6 Kxd6 21. Bb4+ Kd7 22. Kd3 e5 23. Rc5 Rxc5 24. Bxc5 Bh6 25. h4 Rc8 26. Bb4 Bf8 27. Bd2 Ke6 28. h5 Bg7 29. g4 Rc6 30. hxg6 hxg6 31. Rh7 Bf8 32. Rh8 Be7 33. Ra8 a6 34. Ra7 Bc5 35. Rb7 Ba3 36. Rb8 Kd7 37. Rb7+ Ke6 38. Rb8 Bd6 39. Rb7 f5 40. exf5+ gxf5 41. Rh7 f4 42. Rh6+ Kd7 43. Rh7+ Kc8 44. Rh6 Kb7 45. a4 Bc7 46. Rh7 Kb6 47. Re7 Rh6 48. Re8 Rh3 49. Re6+ Kb7 50. Ke2 Rh2+ 51. Ke1 d3 52. Re7 Kc8 53. Bc3 Re2+ 54. Kd1 Re3 55. b4 Rxf3 56. Bxe5 Bb6 57. Kd2 Be3+ 58. Kc3 d2 59. Kc2 Rf1 0-1

[Event "British Columbia-ch U20"]
[Site "Vancouver CAN"]
[Date "2013.11.09"]
[Round "2.8"]
[White "Tapp, Ashley"]
[Black "Su, Michael"]
[Result "0-1"]
[WhiteElo "1648"]
[BlackElo "1852"]
[PlyCount "112"]
[GameId "2160767909216607"]
[EventDate "2013.11.08"]
[EventType "swiss"]
[EventRounds "5"]
[EventCountry "CAN"]

1. d4 e6 2. c4 f5 3. Nc3 Nf6 4. Nf3 Bb4 5. Qc2 b6 6. g3 Bb7 7. Bg2 O-O 8. O-O Bxc3 9. Qxc3 Qe7 10. b3 d6 11. Bb2 Nbd7 12. Rfd1 c5 13. e3 Rac8 14. dxc5 Nxc5 15. Nd4 Bxg2 16. Kxg2 Nfe4 17. Qe1 Ng5 18. Nb5 Qb7+ 19. Kf1 Nf3 20. Nxd6 Nxh2+ 21. Kg1 Nf3+ 22. Kf1 Nh2+ 23. Kg1 Nf3+ 24. Kf1 Nxe1 25. Nxb7 Nxb7 26. Kxe1 Rfd8 27. Be5 Nc5 28. Bd4 Ne4 29. Ke2 Kf7 30. Rd3 e5 31. Bxe5 Rxd3 32. Kxd3 Nxf2+ 33. Ke2 Ne4 34. Rd1 Ke6 35. Rd5 g6 36. Kf3 Rc5 37. Rxc5 Nxc5 38. Bd4 Nd3 39. a4 Nc5 40. Bxc5 bxc5 41. Kf4 h6 42. e4 g5+ 43. Kf3 h5 44. exf5+ Kxf5 45. a5 a6 46. g4+ hxg4+ 47. Kg3 Ke4 48. Kxg4 Kd4 49. Kxg5 Kc3 50. Kf5 Kxb3 51. Ke5 Kxc4 52. Kd6 Kb5 53. Kd5 c4 54. Kd4 Kb4 55. Kd5 c3 56. Kc6 Kxa5 0-1

[Event "British Columbia-ch U20"]
[Site "Vancouver CAN"]
[Date "2013.11.09"]
[Round "2.9"]
[White "Cui, Karl"]
[Black "Knox, Nathaniel"]
[Result "1-0"]
[WhiteElo "1839"]
[BlackElo "1626"]
[PlyCount "107"]
[GameId "2160767909216608"]
[EventDate "2013.11.08"]
[EventType "swiss"]
[EventRounds "5"]
[EventCountry "CAN"]

1. d4 Nf6 2. c4 g6 3. Nc3 Bg7 4. e4 d6 5. Nge2 O-O 6. Ng3 e5 7. d5 Ne8 8. h4 f5 9. Bg5 Bf6 10. Bh6 Ng7 11. exf5 gxf5 12. Nh5 Re8 13. Be2 e4 14. Nxf6+ Qxf6 15. Bg5 Qg6 16. Qd2 e3 17. Bxe3 f4 18. Bxf4 Nd7 19. O-O-O Nc5 20. h5 Qf7 21. h6 Ne4 22. Nxe4 Rxe4 23. g3 Nf5 24. Bd3 Rd4 25. Qe2 Bd7 26. Rde1 Re8 27. Qg4+ Kf8 28. Rxe8+ Kxe8 29. Re1+ Kf8 30. Qd1 Qf6 31. Re4 a6 32. Rxd4 Qxd4 33. Qf3 b5 34. g4 bxc4 35. Bxf5 Bxf5 36. gxf5 c3 37. bxc3 Qc4 38. Kb2 Qb5+ 39. Kc1 Qc4 40. Qg3 Qxd5 41. Qg7+ Ke8 42. Qxh7 Qxa2 43. Qh8+ Kd7 44. Qd4 Qa1+ 45. Kd2 Qb2+ 46. Ke3 Qc1+ 47. Qd2 Qh1 48. Qd3 Qe1+ 49. Kf3 Qh1+ 50. Kg4 Qg2+ 51. Bg3 Qa8 52. Qd4 Qe8 53. h7 c5 54. Qa4+ 1-0

[Event "British Columbia-ch U20"]
[Site "Vancouver CAN"]
[Date "2013.11.09"]
[Round "2.10"]
[White "Shao, Nathan"]
[Black "Richardson, Kai"]
[Result "1-0"]
[WhiteElo "1619"]
[BlackElo "1758"]
[PlyCount "59"]
[GameId "2160767909216609"]
[EventDate "2013.11.08"]
[EventType "swiss"]
[EventRounds "5"]
[EventCountry "CAN"]

1. e4 c5 2. Nf3 Nc6 3. Nc3 d6 4. Bc4 e6 5. d3 Nf6 6. O-O Be7 7. h3 a6 8. a3 O-O 9. Re1 b5 10. Ba2 Bb7 11. Bf4 b4 12. axb4 cxb4 13. Ne2 Qb6 14. Ng3 Rac8 15. d4 Rcd8 16. d5 exd5 17. exd5 Ne5 18. Nf5 Rfe8 19. Nxe5 dxe5 20. Bxe5 Bc5 21. Qf3 Bf8 22. Nh6+ gxh6 23. Bxf6 Bg7 24. Bxd8 Rxd8 25. Re7 Rf8 26. Rae1 Ba8 27. Re8 Qc5 28. Rxf8+ Kxf8 29. Qf4 Qc8 30. d6 1-0

[Event "British Columbia-ch U20"]
[Site "Vancouver CAN"]
[Date "2013.11.09"]
[Round "3.1"]
[White "Herdin, Matthew"]
[Black "Sohal, Tanraj"]
[Result "1/2-1/2"]
[WhiteElo "2203"]
[BlackElo "2334"]
[PlyCount "181"]
[GameId "2160767909216610"]
[EventDate "2013.11.08"]
[EventType "swiss"]
[EventRounds "5"]
[EventCountry "CAN"]

1. e4 c5 2. Nf3 Nc6 3. d4 cxd4 4. Nxd4 Nf6 5. Nc3 e6 6. Ndb5 d6 7. Bf4 e5 8. Bg5 a6 9. Na3 b5 10. Nd5 Be7 11. Bxf6 Bxf6 12. c3 Bg5 13. Nc2 Ne7 14. Nxe7 Qxe7 15. g3 Bb7 16. Bg2 O-O 17. Nb4 Qe6 18. Qh5 Bd8 19. Rd1 a5 20. Nd5 Bxd5 21. Rxd5 b4 22. c4 Bb6 23. O-O Bd4 24. Qe2 a4 25. Kh1 Rac8 26. f4 f6 27. f5 Qe7 28. Rb5 Rb8 29. Qc2 Qa7 30. Rxb8 Rxb8 31. Qe2 Qc5 32. Rc1 Be3 33. Rd1 Bd4 34. Rc1 Rc8 35. Bf1 Rb8 36. Rd1 b3 37. a3 Qa5 38. h4 Rc8 39. Kh2 Qa7 40. Kh3 Qd7 41. Kh2 Kh8 42. Rd2 Qc6 43. Qf3 Qc5 44. Rg2 Bxb2 45. Rxb2 Qxa3 46. Qc3 Rb8 47. Be2 h6 48. Kg2 Qb4 49. Qxb4 Rxb4 50. Rd2 b2 51. Bd3 b1=Q 52. Bxb1 Rxb1 53. Rxd6 Rc1 54. Rc6 a3 55. Ra6 Rxc4 56. Rxa3 Rxe4 57. Kf3 Rd4 58. Ke3 h5 59. Ra7 Kh7 60. Re7 Kh6 61. Re6 Rb4 62. Kf3 Rb3+ 63. Kf2 Kh7 64. Kg2 Kg8 65. Re8+ Kh7 66. Re6 Rb7 67. Kf3 Kh6 68. Ke3 Rf7 69. Kf3 g6 70. g4 g5 71. Re8 hxg4+ 72. Kxg4 gxh4 73. Kxh4 Rb7 74. Rg8 Rb4+ 75. Kg3 Rb3+ 76. Kh4 Rb4+ 77. Kg3 Rf4 78. Rg6+ Kh5 79. Rxf6 Kg5 80. Rf8 Rb4 81. f6 Rb3+ 82. Kf2 Kf4 83. Re8 Ke4 84. Kg2 Rb7 85. Re7 Rb6 86. f7 Rf6 87. Kg3 Kf5 88. Kf3 Kg6+ 89. Ke4 Rxf7 90. Rxf7 Kxf7 91. Kxe5 1/2-1/2

[Event "British Columbia-ch U20"]
[Site "Vancouver CAN"]
[Date "2013.11.09"]
[Round "3.2"]
[White "Cao, Jason"]
[Black "Wu, Ruining (Ray)"]
[Result "1/2-1/2"]
[WhiteElo "2295"]
[BlackElo "2057"]
[PlyCount "127"]
[GameId "2160767909216611"]
[EventDate "2013.11.08"]
[EventType "swiss"]
[EventRounds "5"]
[EventCountry "CAN"]

1. e4 c6 2. d4 d5 3. e5 Bf5 4. Nf3 e6 5. Be2 c5 6. Be3 cxd4 7. Nxd4 Ne7 8. c4 Nbc6 9. Qa4 dxc4 10. Nd2 Qa5 11. Qxa5 Nxa5 12. Nxc4 Nxc4 13. Bxc4 Be4 14. f3 Bd5 15. Bb5+ Nc6 16. Nxc6 bxc6 17. Ba6 Bb4+ 18. Kf2 Ba5 19. Rhc1 Kd7 20. a3 Bb6 21. b4 Bxe3+ 22. Kxe3 Rhb8 23. Rc5 Rb6 24. Bd3 Rab8 25. Rac1 h6 26. Ra5 R8b7 27. g3 Rc7 28. f4 Rb8 29. Rac5 Rcb7 30. g4 g6 31. h4 Rb6 32. R5c2 Rh8 33. Rc5 h5 34. g5 Rhb8 35. Ra5 R8b7 36. Kd4 Rc7 37. Rc3 Rb8 38. Kc5 Rbb7 39. Be2 Rb8 40. Ra6 Rbb7 41. Kd4 Rb6 42. Rc5 Rxa6 43. Bxa6 Kd8 44. Bd3 Rb7 45. Ra5 Rc7 46. Kc5 Kd7 47. Ra6 Bf3 48. Ra5 Bd5 49. Kd4 Rb7 50. Kc3 Rc7 51. Rc5 Rb7 52. Be2 Be4 53. Kb3 Bd5+ 54. Ka4 Be4 55. Ka5 Rb6 56. a4 Bd5 57. b5 Bg2 58. Rc3 Be4 59. Kb4 Rb8 60. Kc5 Kc7 61. a5 Bd5 62. Rc2 cxb5 63. Bxb5 Rd8 64. Rd2 1/2-1/2

[Event "British Columbia-ch U20"]
[Site "Vancouver CAN"]
[Date "2013.11.09"]
[Round "3.3"]
[White "Doknjas, John"]
[Black "Lo, Ryan"]
[Result "1/2-1/2"]
[WhiteElo "2042"]
[BlackElo "2204"]
[PlyCount "40"]
[GameId "2160767909216612"]
[EventDate "2013.11.08"]
[EventType "swiss"]
[EventRounds "5"]
[EventCountry "CAN"]

1. d4 Nf6 2. c4 g6 3. Nc3 d5 4. Nf3 Bg7 5. Bg5 Ne4 6. cxd5 Nxc3 7. bxc3 Qxd5 8. e3 Qa5 9. Qb3 e6 10. Qb5+ Qxb5 11. Bxb5+ Bd7 12. Bxd7+ Nxd7 13. Bf4 c6 14. Rb1 b6 15. Ke2 Nf6 16. Be5 Rg8 17. Rb3 Ke7 18. a4 Nd7 19. Bxg7 Rxg7 20. c4 Rgg8 1/2-1/2

[Event "British Columbia-ch U20"]
[Site "Vancouver CAN"]
[Date "2013.11.09"]
[Round "3.5"]
[White "Cui, Karl"]
[Black "Nyamdorj, Davaa-Ochir"]
[Result "0-1"]
[WhiteElo "1839"]
[BlackElo "2055"]
[PlyCount "94"]
[GameId "2160767909216614"]
[EventDate "2013.11.08"]
[EventType "swiss"]
[EventRounds "5"]
[EventCountry "CAN"]

1. d4 Nf6 2. c4 e6 3. Nc3 d5 4. Bg5 Nbd7 5. e3 Be7 6. Bd3 a6 7. Nge2 O-O 8. O-O dxc4 9. Bxc4 c5 10. Rc1 b5 11. Bd3 Bb7 12. f3 cxd4 13. exd4 Qa5 14. Ne4 Rac8 15. Bb1 Rxc1 16. Qxc1 Rc8 17. Qd2 Qxd2 18. Bxd2 Nb6 19. b3 Nbd5 20. Rc1 Rxc1+ 21. Nxc1 b4 22. Nd3 a5 23. Nb2 Ba6 24. Nc4 Bxc4 25. bxc4 Nb6 26. Bd3 Kf8 27. Be3 Na4 28. Kf2 Nxe4+ 29. fxe4 Nc3 30. Bd2 Nxa2 31. Bc2 e5 32. Bb3 exd4 33. Bxa2 a4 34. Bxb4 Bxb4 35. Ke2 Ke7 36. c5 Bxc5 37. Bc4 f6 38. Kd3 Kd6 39. Bd5 Ke5 40. Bg8 h5 41. g3 g5 42. Bf7 h4 43. Bc4 a3 44. Ba2 h3 45. Bc4 Bb4 46. Ba2 Be1 47. Ke2 Bxg3 0-1

[Event "British Columbia-ch U20"]
[Site "Vancouver CAN"]
[Date "2013.11.09"]
[Round "3.6"]
[White "Doknjas, Joshua"]
[Black "Shao, Nathan"]
[Result "1-0"]
[WhiteElo "2030"]
[BlackElo "1619"]
[PlyCount "79"]
[GameId "2160767909216615"]
[EventDate "2013.11.08"]
[EventType "swiss"]
[EventRounds "5"]
[EventCountry "CAN"]

1. e4 c5 2. Nf3 d6 3. Bb5+ Bd7 4. Bxd7+ Qxd7 5. O-O e6 6. Qe2 Nf6 7. Rd1 Nc6 8. d4 cxd4 9. Nxd4 Be7 10. c4 O-O 11. Nc3 a6 12. b3 h6 13. Bb2 Qc7 14. Nxc6 bxc6 15. Rd3 Rfd8 16. Rad1 Rd7 17. Qd2 Rad8 18. Ba3 Qa5 19. Qb2 Qe5 20. f3 Qg5 21. Qf2 Qa5 22. Qb2 Qg5 23. Ne2 e5 24. Ng3 Nh5 25. Nf5 Qf6 26. Qd2 Nf4 27. Nxe7+ Qxe7 28. Rxd6 Rxd6 29. Bxd6 Qf6 30. c5 Ne6 31. Qe2 Nd4 32. Qd3 h5 33. Rf1 g5 34. Qxa6 Kh7 35. Qb7 Rg8 36. Qe7 Qxe7 37. Bxe7 Kg6 38. Bd6 f6 39. Rb1 Ra8 40. Rb2 1-0

[Event "British Columbia-ch U20"]
[Site "Vancouver CAN"]
[Date "2013.11.09"]
[Round "3.7"]
[White "Su, Michael"]
[Black "Low, Ethan"]
[Result "1-0"]
[WhiteElo "1852"]
[BlackElo "1494"]
[PlyCount "99"]
[GameId "2160767909216616"]
[EventDate "2013.11.08"]
[EventType "swiss"]
[EventRounds "5"]
[EventCountry "CAN"]

1. d4 d6 2. e4 Nf6 3. Nc3 Nbd7 4. Nf3 e5 5. Bg5 Be7 6. Bc4 O-O 7. O-O c6 8. a4 Re8 9. Re1 Qc7 10. a5 Nf8 11. Bxf6 Bxf6 12. Ne2 Ng6 13. c3 Be6 14. d5 Bd7 15. b4 Be7 16. Qb3 Rf8 17. a6 b5 18. Bd3 f5 19. dxc6+ Kh8 20. cxd7 fxe4 21. Bxe4 Rad8 22. Bxg6 hxg6 23. Qe6 Bf6 24. Qg4 Kh7 25. Nh4 Bxh4 26. Qxh4+ Kg8 27. Qe4 Rf6 28. Qd5+ Kh8 29. Qxb5 Rxd7 30. Qd3 Rdf7 31. Rf1 Qb6 32. Qe3 Qc6 33. Ng3 Rf4 34. f3 Rc4 35. Rfc1 Rc7 36. Ne2 Kh7 37. Rd1 Re7 38. Qd3 Rd7 39. Qd5 Qb6+ 40. Kf1 Qe3 41. Qxc4 Qb6 42. Rd5 Qd8 43. Rad1 Qf6 44. Qd3 Qh4 45. Kg1 Qf6 46. Rxd6 Rxd6 47. Qxd6 Qf7 48. Qxe5 Kh6 49. Qf4+ Qxf4 50. Nxf4 1-0

[Event "British Columbia-ch U20"]
[Site "Vancouver CAN"]
[Date "2013.11.09"]
[Round "3.8"]
[White "Richardson, Kai"]
[Black "Low, Kevin"]
[Result "1-0"]
[WhiteElo "1758"]
[BlackElo "1495"]
[PlyCount "125"]
[GameId "2160767909216617"]
[EventDate "2013.11.08"]
[EventType "swiss"]
[EventRounds "5"]
[EventCountry "CAN"]

1. d4 d6 2. c4 e5 3. dxe5 dxe5 4. Qxd8+ Kxd8 5. Nf3 f6 6. e3 Be6 7. Nc3 Nd7 8. Be2 c6 9. h3 Kc7 10. O-O Be7 11. Rb1 a5 12. Bd2 h5 13. Rfc1 a4 14. Nd5+ Kc8 15. Nxe7+ Nxe7 16. Rc3 Nc5 17. Ra3 Kc7 18. Rc1 Ng6 19. Bb4 b6 20. Bd1 Nf8 21. Bxc5 bxc5 22. Rxa4 Nd7 23. Rxa8 Rxa8 24. a4 Nb6 25. b3 g5 26. Nd2 g4 27. hxg4 hxg4 28. Ne4 Nd7 29. Rc3 f5 30. Ng3 Nf6 31. Bc2 f4 32. exf4 exf4 33. Ne2 f3 34. gxf3 gxf3 35. Rxf3 Bg4 36. Rxf6 Bxe2 37. f4 Bf3 38. f5 Kb6 39. Kf2 Bh5 40. Be4 Be8 41. Rf8 Rd8 42. Ke3 Kc7 43. f6 Bd7 44. Rxd8 Kxd8 45. Kf4 Be8 46. Ke5 Kd7 47. Bf5+ Kd8 48. a5 Kc7 49. Be6 Bg6 50. f7 Bxf7 51. Bxf7 Kb7 52. Bd5 cxd5 53. cxd5 Ka6 54. d6 Kxa5 55. d7 Kb4 56. Kd5 Kxb3 57. Kxc5 Kc2 58. Kc4 Kb2 59. d8=Q Kc2 60. Qd3+ Kb2 61. Qd2+ Kb1 62. Kb3 Ka1 63. Qa2# 1-0

[Event "British Columbia-ch U20"]
[Site "Vancouver CAN"]
[Date "2013.11.09"]
[Round "3.9"]
[White "Knox, Nathaniel"]
[Black "Nyamdorj, Uranchimeg"]
[Result "0-1"]
[WhiteElo "1626"]
[BlackElo "1744"]
[PlyCount "110"]
[GameId "2160767909216618"]
[EventDate "2013.11.08"]
[EventType "swiss"]
[EventRounds "5"]
[EventCountry "CAN"]

1. d4 Nf6 2. c4 e6 3. Nc3 d5 4. Bg5 Nbd7 5. Nf3 Be7 6. e3 O-O 7. Rc1 c6 8. a3 a6 9. cxd5 exd5 10. Bd3 h6 11. Bh4 Ne4 12. Bxe7 Qxe7 13. O-O Re8 14. b4 Ndf6 15. h3 Bf5 16. Na4 Nd7 17. Nc5 Ndxc5 18. bxc5 Rad8 19. Qc2 Bc8 20. Rb1 Qf6 21. Bxe4 Rxe4 22. Kh2 Bxh3 23. Kxh3 Qf5+ 24. Kh2 Rh4+ 25. Nxh4 Qxc2 26. Rxb7 Qe2 27. Kg1 Re8 28. Rb6 Re6 29. Nf5 Qg4 30. Rxc6 Qxf5 31. Rxe6 Qxe6 32. Rb1 Kf8 33. a4 Qc6 34. a5 Qa4 35. Rb7 Qxa5 36. c6 Ke8 37. g3 g5 38. Kg2 h5 39. Rb8+ Ke7 40. Rb7+ Kd6 41. Rxf7 Kxc6 42. Rf6+ Kb5 43. Rf5 Qd8 44. Kf3 Kc4 45. Rf7 a5 46. Rh7 g4+ 47. Ke2 a4 48. Rh6 a3 49. Rc6+ Kb3 50. Kd3 a2 51. Rc3+ Kb2 52. Rc2+ Kb1 53. Rc5 a1=Q 54. Rb5+ Kc1 55. Rc5+ Kd1 0-1

[Event "British Columbia-ch U20"]
[Site "Vancouver CAN"]
[Date "2013.11.09"]
[Round "3.10"]
[White "Pulfer, Luke"]
[Black "Tapp, Ashley"]
[Result "1/2-1/2"]
[WhiteElo "1654"]
[BlackElo "1648"]
[PlyCount "81"]
[GameId "2160767909216619"]
[EventDate "2013.11.08"]
[EventType "swiss"]
[EventRounds "5"]
[EventCountry "CAN"]

1. d4 d5 2. c4 c6 3. e3 Nf6 4. Nc3 e6 5. Nf3 Nbd7 6. Qc2 Be7 7. b3 b6 8. Bd3 Bb7 9. O-O O-O 10. Ne5 c5 11. f4 h6 12. cxd5 exd5 13. Kh1 Rc8 14. Bb2 Re8 15. Rg1 cxd4 16. exd4 Bb4 17. a3 Bxc3 18. Bxc3 Ne4 19. Bxe4 dxe4 20. b4 Nxe5 21. dxe5 Qc7 22. Rac1 Re6 23. Qb2 Rc6 24. Bd2 Rc2 25. Rxc2 Qxc2 26. Qd4 Qd3 27. Qxd3 exd3 28. Rc1 Rc2 29. Rxc2 dxc2 30. Kg1 Kf8 31. Kf2 Ke7 32. g3 Be4 33. Ke3 Bf5 34. Kd4 b5 35. Kc5 Bd3 36. Kd4 Be2 37. Kc3 Bd1 38. Kd4 Ke6 39. Ke4 g6 40. h3 h5 41. Bc1 1/2-1/2

[Event "British Columbia-ch U20"]
[Site "Vancouver CAN"]
[Date "2013.11.10"]
[Round "4.1"]
[White "Sohal, Tanraj"]
[Black "Hui, Jeremy"]
[Result "1-0"]
[WhiteElo "2334"]
[BlackElo "2061"]
[PlyCount "125"]
[GameId "2160767909216620"]
[EventDate "2013.11.08"]
[EventType "swiss"]
[EventRounds "5"]
[EventCountry "CAN"]

1. d4 e6 2. c4 Nf6 3. Nf3 c5 4. d5 exd5 5. cxd5 d6 6. Nc3 g6 7. Bf4 a6 8. a4 Bg7 9. h3 O-O 10. e3 Qe7 11. Be2 Nbd7 12. O-O b6 13. Nd2 Ne8 14. Nc4 f5 15. Rb1 Rb8 16. Qd2 a5 17. Nb5 Ne5 18. b3 Bd7 19. Nba3 g5 20. Bxe5 Bxe5 21. Nxe5 Qxe5 22. f4 Qe7 23. fxg5 Qxg5 24. Nc4 Rf6 25. Rf4 Ng7 26. Rbf1 Bc8 27. Na3 Rg6 28. R1f2 Bb7 29. Bf3 Rf8 30. Nc4 Rgf6 31. Nxb6 R8f7 32. Be2 Nh5 33. Bxh5 Qxh5 34. R2f3 Rg6 35. Qf2 Rfg7 36. Rxf5 Rxg2+ 37. Qxg2 Rxg2+ 38. Kxg2 Qe8 39. Rf8+ Qxf8 40. Rxf8+ Kxf8 41. Kf3 Ke7 42. Kf4 Kf6 43. e4 Ba6 44. Nc4 Ke7 45. Nxa5 Bd3 46. e5 Bf1 47. h4 Bg2 48. Nb7 Bxd5 49. exd6+ Kd7 50. Nxc5+ Kxd6 51. b4 Bc4 52. Ke4 Kc6 53. Kd4 Be2 54. b5+ Kb6 55. Nb3 Bd1 56. Kc4 Bf3 57. a5+ Kb7 58. Kc5 h5 59. Nd4 Bg2 60. a6+ Kc7 61. b6+ Kd7 62. Nb5 Kc8 63. a7 1-0

[Event "British Columbia-ch U20"]
[Site "Vancouver CAN"]
[Date "2013.11.10"]
[Round "4.2"]
[White "Herdin, Matthew"]
[Black "Cao, Jason"]
[Result "0-1"]
[WhiteElo "2203"]
[BlackElo "2295"]
[PlyCount "110"]
[GameId "2160767909216621"]
[EventDate "2013.11.08"]
[EventType "swiss"]
[EventRounds "5"]
[EventCountry "CAN"]

1. d4 Nf6 2. c4 e6 3. Nc3 Bb4 4. e3 O-O 5. Bd3 d5 6. Nf3 b6 7. O-O Bb7 8. cxd5 exd5 9. Ne5 Nbd7 10. f4 Bd6 11. Qf3 Qe7 12. a3 a6 13. Bd2 c5 14. g4 h6 15. Nxd7 Qxd7 16. g5 hxg5 17. fxg5 Ne4 18. Nxe4 dxe4 19. Bxe4 Bxe4 20. Qxe4 Rfe8 21. Qg2 cxd4 22. exd4 Rad8 23. Rf2 Bc7 24. Bc3 Re3 25. Raf1 Rh3 26. Qe4 Re8 27. Qf5 Qxf5 28. Rxf5 Re2 29. R1f2 Bxh2+ 30. Kg2 Rxf2+ 31. Rxf2 Rh4 32. Rf5 Bd6 33. Rd5 Be7 34. Bd2 Kf8 35. Kf3 Rh2 36. Ke3 Ke8 37. Kd3 g6 38. a4 Rf2 39. b3 Rf3+ 40. Kc2 Rg3 41. a5 b5 42. Rxb5 Rg2 43. Rd5 Bb4 44. Kd3 Rxd2+ 45. Kc4 Be7 46. Re5 Kd7 47. b4 Bd6 48. Re3 Rb2 49. Rb3 Rxb3 50. Kxb3 Kc6 51. Kc4 Bf4 52. d5+ Kd6 53. Kd4 Bxg5 54. b5 axb5 55. a6 Bd8 0-1

[Event "British Columbia-ch U20"]
[Site "Vancouver CAN"]
[Date "2013.11.10"]
[Round "4.3"]
[White "Wu, Ruining (Ray)"]
[Black "Lo, Ryan"]
[Result "1/2-1/2"]
[WhiteElo "2057"]
[BlackElo "2204"]
[PlyCount "66"]
[GameId "2160767909216622"]
[EventDate "2013.11.08"]
[EventType "swiss"]
[EventRounds "5"]
[EventCountry "CAN"]

1. e4 c5 2. Nf3 e6 3. d4 cxd4 4. Nxd4 a6 5. Nc3 Qc7 6. Bd3 Nf6 7. O-O d6 8. Qe2 Nbd7 9. Be3 b5 10. a4 b4 11. Na2 d5 12. exd5 Nxd5 13. Bd2 Bd6 14. Kh1 N7f6 15. Nf5 O-O 16. Nxd6 Qxd6 17. Rad1 Qb6 18. Rb1 Bd7 19. b3 a5 20. c3 bxc3 21. Nxc3 Bc6 22. Nb5 Rfd8 23. Bc4 Rd7 24. Rfd1 Rad8 25. Qe1 Ne4 26. Kg1 Nxd2 27. Rxd2 Nf4 28. Rxd7 Rxd7 29. Bf1 Qd8 30. Qc1 Qg5 31. Qxc6 Nh3+ 32. Kh1 Nxf2+ 33. Kg1 Nh3+ 1/2-1/2

[Event "British Columbia-ch U20"]
[Site "Vancouver CAN"]
[Date "2013.11.10"]
[Round "4.4"]
[White "Nyamdorj, Davaa-Ochir"]
[Black "Doknjas, Joshua"]
[Result "1-0"]
[WhiteElo "2055"]
[BlackElo "2030"]
[PlyCount "51"]
[GameId "2160767909216623"]
[EventDate "2013.11.08"]
[EventType "swiss"]
[EventRounds "5"]
[EventCountry "CAN"]

1. e4 c5 2. Nf3 d6 3. d4 cxd4 4. Nxd4 Nf6 5. Nc3 a6 6. Be2 Nbd7 7. Bg5 b5 8. a4 b4 9. Nd5 Nxd5 10. exd5 Nc5 11. Nc6 Qc7 12. Qd4 b3 13. c3 e5 14. Qe3 Bd7 15. f4 e4 16. Nd4 Qb7 17. Bc4 Be7 18. Bxe7 Kxe7 19. f5 Rag8 20. O-O Bxa4 21. f6+ gxf6 22. Qf4 Qc7 23. Qxf6+ Kd7 24. Rxa4 Nxa4 25. Qxf7+ Kc8 26. Bxa6+ 1-0

[Event "British Columbia-ch U20"]
[Site "Vancouver CAN"]
[Date "2013.11.10"]
[Round "4.5"]
[White "Doknjas, John"]
[Black "Su, Michael"]
[Result "1-0"]
[WhiteElo "2042"]
[BlackElo "1852"]
[PlyCount "71"]
[GameId "2160767909216624"]
[EventDate "2013.11.08"]
[EventType "swiss"]
[EventRounds "5"]
[EventCountry "CAN"]

1. d4 e6 2. c4 f5 3. g3 Nf6 4. Bg2 d5 5. Nf3 c6 6. O-O Bd6 7. b3 Qe7 8. a4 a5 9. Ba3 O-O 10. Bxd6 Qxd6 11. Na3 b6 12. Qc1 Nbd7 13. Rd1 Bb7 14. Ra2 Qe7 15. Rc2 Rad8 16. Ne1 Rfe8 17. Nd3 Kh8 18. Nb1 Nf8 19. Nd2 Ng6 20. Nf3 Nd7 21. h4 h6 22. c5 bxc5 23. Nxc5 Nxc5 24. Rxc5 Ra8 25. h5 Nf8 26. Ne5 Rec8 27. Qc3 Qc7 28. Rc1 Qb6 29. f3 Ra6 30. e4 fxe4 31. fxe4 Qb4 32. Qxb4 axb4 33. exd5 exd5 34. Bxd5 cxd5 35. Rxc8 Bxc8 36. Rxc8 1-0

[Event "British Columbia-ch U20"]
[Site "Vancouver CAN"]
[Date "2013.11.10"]
[Round "4.6"]
[White "Shao, Nathan"]
[Black "Cui, Karl"]
[Result "1-0"]
[WhiteElo "1619"]
[BlackElo "1839"]
[PlyCount "75"]
[GameId "2160767909216625"]
[EventDate "2013.11.08"]
[EventType "swiss"]
[EventRounds "5"]
[EventCountry "CAN"]

1. e4 c5 2. Nf3 e6 3. Nc3 a6 4. Be2 Qc7 5. O-O Nf6 6. h3 d5 7. exd5 exd5 8. Re1 Be7 9. d4 c4 10. Bg5 Nbd7 11. Ne5 O-O 12. Nxd7 Qxd7 13. Bf3 Bb4 14. Bxf6 Bxc3 15. Bxg7 Bxe1 16. Bxf8 Kxf8 17. Qxe1 Qf5 18. Qd2 Be6 19. Re1 Kg7 20. Re5 Qf6 21. Bxd5 Rd8 22. Rg5+ Kh8 23. Bxb7 Rxd4 24. Qe3 c3 25. b3 Rd2 26. Be4 Rxf2 27. Qg3 Rf1+ 28. Kh2 Qd8 29. Bxh7 f6 30. Rh5 Rh1+ 31. Kxh1 Qd1+ 32. Kh2 Qxh5 33. Bd3 Bc8 34. Bc4 Qh7 35. Qb8 Qf5 36. Bxa6 Qxc2 37. Qxc8+ Kg7 38. Qd7+ 1-0

[Event "British Columbia-ch U20"]
[Site "Vancouver CAN"]
[Date "2013.11.10"]
[Round "4.7"]
[White "Low, Ethan"]
[Black "Richardson, Kai"]
[Result "0-1"]
[WhiteElo "1494"]
[BlackElo "1758"]
[PlyCount "132"]
[GameId "2160767909216626"]
[EventDate "2013.11.08"]
[EventType "swiss"]
[EventRounds "5"]
[EventCountry "CAN"]

1. e4 c5 2. Nf3 d6 3. d4 cxd4 4. Nxd4 Nf6 5. Nc3 Nc6 6. f3 g6 7. Be3 Bg7 8. Qd2 Bd7 9. Be2 a6 10. O-O O-O 11. Rad1 Re8 12. Nxc6 bxc6 13. Kh1 Qc7 14. Rfe1 a5 15. Bf1 Qb7 16. Rb1 Red8 17. Bg5 Re8 18. Red1 Be6 19. Be2 Qc7 20. f4 Rad8 21. Bf3 Bc8 22. Qf2 h6 23. Bh4 Ng4 24. Qe2 h5 25. h3 Nf6 26. Bg3 Nd7 27. Re1 e5 28. f5 Nf6 29. Bh4 Bb7 30. g4 hxg4 31. hxg4 d5 32. g5 dxe4 33. Nxe4 Nxe4 34. Bxe4 gxf5 35. Bxf5 c5+ 36. Be4 Rd4 37. Qf3 Qd7 38. Rbd1 Bxe4 39. Rxe4 Rxd1+ 40. Kg2 Qd2+ 41. Re2 Qd5 42. Qxd5 Rxd5 43. b3 e4 44. c4 Rd3 45. Bf2 e3 46. Be1 Rd1 47. Bxa5 Rd3 48. Be1 Bc3 49. Bxc3 Rxc3 50. Kf1 Re5 51. a4 Rxb3 52. Ra2 e2+ 53. Rxe2 Rxe2 54. Kxe2 Rb4 55. Kd3 Rxa4 56. Kc3 Kg7 57. Kd3 Kg6 58. Ke4 Rxc4+ 59. Kd5 Rc1 60. Ke4 Kxg5 61. Kd3 f5 62. Kd2 Ra1 63. Kc3 f4 64. Kd3 f3 65. Ke3 Kg4 66. Kf2 Ra2+ 0-1